header

Escaping Hitler (Record no. 14073)

MARC details
000 -LEADER
fixed length control field 01680nam a2200421 a 4500
082 04 - DEWEY DECIMAL CLASSIFICATION NUMBER
Classification number 305.800983
100 1# - MAIN ENTRY--AUTHOR NAME
Personal name Goldschmidt Wyman, Eva.
245 10 - TITLE STATEMENT
Title Escaping Hitler
260 ## - PUBLICATION, DISTRIBUTION, ETC. (IMPRINT)
Place of publication Tuscaloosa :
Name of publisher University of Alabama Press,
Year of publication 2013.
300 ## - PHYSICAL DESCRIPTION
Number of Pages x, 219 p.
650 #0 - SUBJECT ADDED ENTRY--TOPICAL TERM
Topical Term Jews, German
Topical Term Jewish refugees
Topical Term Jewish refugees
Topical Term Jews
856 40 - ELECTRONIC LOCATION AND ACCESS
Uniform Resource Identifier http://site.ebrary.com/lib/rucke/Doc?id=10745087

No items available.

© 2026 Rongo University
Contact us: librarian | system librarian | Rongo university